| 000 | 01012nam a2200181 4500 | ||
|---|---|---|---|
| 001 | 1070 | ||
| 005 | 20230410123412.0 | ||
| 008 | 060907n1985 dr spa | ||
| 035 | _9funglode1076 | ||
| 041 | _aEN | ||
| 050 | 1 | 4 | _aK 325 T891l 1985 |
| 100 | _aTucker, D. F. B | ||
| 245 | 1 |
_aLaw, liberalism, and free speech / _cD. F. B. Tucker |
|
| 260 |
_aTotowa, New Jersey : _bRowman & Allanheld, _c1985 |
||
| 300 | _a212 p. / 23 cm. | ||
| 520 | _aPolitical theory and freedom of speech, 9. -- Freedom of speech and functionalist liberal theories, 11. -- Freedom of speech and deontological liberal theories, 31. -- Accommodating rights and the public interest, 57. -- Free speech versus access, 65. -- Free speech versus reputation, 84. -- Free speech versus privacy, 101. -- Free speech versus the public interest in regulating offensive speech, 126. -- Free speech versus the public interest in regulating broadcasting, 163. -- Freedom of speech versus democratic authority, 163 | ||
| 942 |
_2lcc _cbk |
||
| 999 |
_c60701 _d60701 |
||